000 00949 a2200253 4500
003 MN-UlNLM
005 20230127163028.0
008 a130s1966 mp ||||| |||| 00| 0mon
040 _aМонгол Улсын Үндэсний номын сан
041 _amon
084 _a413Орос
_210-t
_bУ 315
_q80
110 _aБНМАУ-ын шинжлэх ухааны хүрээлэн
245 0 _aУлсын нэр томъёоны комиссын мэдээ
250 _a1
260 1 _aУБ
_bШУАХ
_c1966
300 _a71х
490 _aАнагаах ухааны эх барих, эмэгтэйчүүдийн судлалын нэр томъёоны үргэлжлэл
_v№64- 65
546 _aMongolia
653 _aХэл шинжлэл
_aАнагаах ухааны эх барих, эмэгтэйчүүдийн судлалын нэр томъёо
740 _aА-Я.
856 _aprintbook
942 _cBK
999 _c7720
_d7720